000
00304nam a22001217a 4500
008
230620b xxu||||| |||| 00| 0 eng d
082
_a
316.76
_b
CBS
100
_c
Economics and statistics Division
245
_a
Statistical Abstract 1969
260
_a
Kenya
_b
CBS
_c
1969
300
_a
183p
942
_2
ddc
_c
BK
999
_c
1529
_d
1529